000 01165nam0a2200313 4500
001 RU\NLR\BIBL_A\022347316
005 20260420015600.0
010 _a978-5-907526-57-0
_9100
021 _aRU
_bКН-П-24-049492
_9КН-П-24-4919
035 _a(NLR Aleph) 022347316
090 _a13666858
_c13666858
100 _a20241009d2024 u y0rusy50 ca
101 0 _arus
102 _aRU
105 _aa z 000ay
181 0 _ai
_baxxe
182 0 _an
200 1 _aПолковая касса
_eроман
_fАлександр Васильевич Дегтярёв
203 _aТекст
_bвизуальный
_cнепосредственный
210 _aОмск
_cИздательский центр КАН
_d2024
215 _a286 с.
_cил.
_d20
320 _aДругие произведения авт. на задней сторонке пер.
686 2 _aШ6(2=Р)8-440.4
700 1 _7ca
_8rus
_aДегтярёв
_bА. В.
_cлитератор
_gАлександр Васильевич
_9245353
_3RU\NLR\AUTH\770245409
942 _cBOOK
980 _aNB